LIBRARY & INFORMATION CENTRE, KCAET, TAVANUR

ONLINE PUBLIC ACCESS CATALOGUE (OPAC)

Get set play (Record no. 17544)

MARC details
000 -LEADER
fixed length control field 00320nam a22001337a 4500
003 - CONTROL NUMBER IDENTIFIER
control field OSt
008 - FIXED-LENGTH DATA ELEMENTS--GENERAL INFORMATION
fixed length control field 220825b |||||||| |||| 00| 0 eng d
082 ## - DEWEY DECIMAL CLASSIFICATION NUMBER
Classification number 796
Item number NGO/GE
100 ## - MAIN ENTRY--AUTHOR NAME
Personal name National games organisation committe
245 ## - TITLE STATEMENT
Title Get set play
260 ## - PUBLICATION, DISTRIBUTION, ETC. (IMPRINT)
Place of publication Thiruvananthapuram
Year of publication 2015
300 ## - PHYSICAL DESCRIPTION
Number of Pages 204
942 ## - ADDED ENTRY ELEMENTS (KOHA)
Koha item type Books
Holdings
Withdrawn status Lost status Damaged status Collection code Home library Current library Shelving location Date acquired Full call number Accession Number Koha item type
      Non-fiction KAUAET KAUAET General Stacks 25/08/2022 796 NGO/GE 25079 Books
        KAUAET KAUAET   26/08/2022 796 NGO/GE 25080 Books
free website counter